Telegraph Service Stations Ltd v Trafford BC and Another (Record no. 65870)
[ view plain ]
| 000 -LEADER | |
|---|---|
| fixed length control field | 01639cam a2200253 4500 |
| 001 - CONTROL NUMBER | |
| control field | ABS63414 |
| 008 - FIXED-LENGTH DATA ELEMENTS--GENERAL INFORMATION | |
| fixed length control field | 000000n2000 000 0 eng u |
| 035 ## - SYSTEM CONTROL NUMBER | |
| System control number | (Sirsi) u110488 |
| 245 ## - TITLE STATEMENT | |
| Title | Telegraph Service Stations Ltd v Trafford BC and Another |
| 260 ## - PUBLICATION, DISTRIBUTION, ETC. | |
| Date of publication, distribution, etc. | 2000 |
| 490 ## - SERIES STATEMENT | |
| Series statement | Rating and Valuation Reporter |
| Volume/sequential designation | [2000] RVR 356-364(9) |
| 520 ## - SUMMARY, ETC. | |
| Summary, etc. | LT 24 May 2000. The claimants T sought compensation of £2,937,000 for the freehold interest in a petrol filling station with ancillary facilities. Trafford BC (Y) valued the premises at £1,035,572. The agreed valuation date 3 July 1995 and disturbance compensation was agreed at £20,000. Both parties agreed that the comparison method should be used and that the key factor of such a valuation was the adjusted level of throughput or core volume. The points at issue were: the use of comparables; the trading years for determining throughput; if any reduction should be made for potential competition from a planned rival; the percentage reduction to be taken to reflect T's pricing policy; whether the valuation should be determined by the capital or rental value per gallon; and if the redevelopment of the service station was commercially viable. "Held": the compensation payable was £1,753,375, based on the capital value method. |
| 590 ## - LOCAL NOTE (RLIN) | |
| Local note | ABS |
| 650 ## - SUBJECT ADDED ENTRY--TOPICAL TERM | |
| Topical term or geographic name entry element | COMPARABLES |
| 650 ## - SUBJECT ADDED ENTRY--TOPICAL TERM | |
| Topical term or geographic name entry element | COMPENSATION |
| 650 ## - SUBJECT ADDED ENTRY--TOPICAL TERM | |
| Topical term or geographic name entry element | JELSON LTD V BLABY DC |
| 650 ## - SUBJECT ADDED ENTRY--TOPICAL TERM | |
| Topical term or geographic name entry element | PETROL FILLING STATIONS |
| 650 ## - SUBJECT ADDED ENTRY--TOPICAL TERM | |
| Topical term or geographic name entry element | SERVICE STATIONS |
| 650 ## - SUBJECT ADDED ENTRY--TOPICAL TERM | |
| Topical term or geographic name entry element | TELEGRAPH SERVICE STATIONS LTD V TRAFFORD BC |
| 650 ## - SUBJECT ADDED ENTRY--TOPICAL TERM | |
| Topical term or geographic name entry element | THROUGHPUT |
| 650 ## - SUBJECT ADDED ENTRY--TOPICAL TERM | |
| Topical term or geographic name entry element | Valuation |
| 9 (RLIN) | 6273 |
| 690 ## - LOCAL SUBJECT ADDED ENTRY--TOPICAL TERM (OCLC, RLIN) | |
| Topical term or geographic name as entry element | VALUATION-CASE LAW |
| 942 ## - ADDED ENTRY ELEMENTS (KOHA) | |
| Suppress in OPAC | 0 |
| Withdrawn status | Lost status | Source of classification or shelving scheme | Damaged status | Not for loan | Home library | Current library | Shelving location | Date acquired | Total Checkouts | Full call number | Barcode | Date last seen | Copy number | Price effective from | Koha item type |
|---|---|---|---|---|---|---|---|---|---|---|---|---|---|---|---|
| Dewey Decimal Classification | London | London | Journal article | 24/01/2001 | ABS63414 | 110488-1001 | 06/08/2019 | 1 | 06/08/2019 | Law report |